|
|
|
|
| LEADER |
01438nam a2200385 4500 |
| 001 |
000023472 |
| 003 |
19923 |
| 005 |
20161215141220.0 |
| 008 |
151211s2011 engsd |
| 020 |
|
|
|a 9780073384030
|a 0077397355
|a 9780077397357
|a 0073384038
|
| 041 |
0 |
|
|a eng
|
| 082 |
1 |
4 |
|a 808.042
|b MA-E
|
| 100 |
1 |
|
|a Maimon, Elaine P.
|
| 245 |
1 |
2 |
|a A writer’s resource
|b a handbook for writing and research
|c Elaine P. Maimon, Janice H. Peritz, Kathleen Blake Yancey.
|
| 250 |
|
|
|a 4th ed.
|
| 260 |
|
|
|a New York
|b McGraw-Hill
|c 2011
|
| 300 |
|
|
|a xxxi, 619 p., FR10, I29, IM1, CR6
|b ill. (some col.), col. map
|c 22 cm.
|
| 500 |
|
|
|a Includes index
|
| 650 |
0 |
4 |
|a English language
|v Handbooks, manuals, etc.
|x Rhetoric
|
| 650 |
0 |
4 |
|a English language
|v Handbooks, manuals, etc.
|x Grammar
|
| 650 |
0 |
4 |
|a Report writing
|v Handbooks, manuals, etc.
|
| 653 |
|
|
|a Tiếng Anh
|
| 653 |
|
|
|a Tu từ tiếng Anh
|
| 700 |
1 |
|
|a Peritz, Janice
|
| 700 |
1 |
|
|a Yancey, Kathleen Blake
|d 1950-
|
| OWN |
|
|
|a LSP
|
| AVA |
|
|
|a UDN50
|b LSP
|d 808.042 MA-E
|e available
|t Error 5001 Not defined in file expand_doc_bib_avail.
|f 4
|g 0
|h N
|i 0
|k 1
|
| 999 |
|
|
|a From the UDN01
|
| AVA |
|
|
|a UDN50
|b LSP
|d 808.042 MA-E
|e available
|t Error 5001 Not defined in file expand_doc_bib_avail.
|f 4
|g 0
|h N
|i 0
|k 1
|
| TYP |
|
|
|a Monograph
|
| TYP |
|
|
|a Printed language
|
| 980 |
|
|
|a Mạng thư viện Đại học Đà Nẵng
|